Composites

Guardat en:
Dades bibliogràfiques
Format: Llibre
Idioma:Undetermined
Publicat: Oxford, UK Elsevier Science Ltd.
Matèries:
Etiquetes: Afegir etiqueta
Sense etiquetes, Sigues el primer a etiquetar aquest registre!
Thư viện lưu trữ: Trung tâm Học liệu Trường Đại học Cần Thơ
LEADER 00442nam a2200157Ia 4500
001 CTU_184374
008 210402s9999 xx 000 0 und d
082 |a 620.1 
082 |b C736 
245 0 |a Composites 
245 0 |c Elsevier Science Ltd. 
260 |a Oxford, UK 
260 |b Elsevier Science Ltd. 
650 |a Composite materials,Manufacturing processes 
904 |i T.Trang 
980 |a Trung tâm Học liệu Trường Đại học Cần Thơ